| 000 | 01417cam a2200349 a 4500 | ||
|---|---|---|---|
| 001 | 2031365 | ||
| 003 | ARRUPE | ||
| 005 | 20141126124736.0 | ||
| 008 | 920417s1992 nju b 001 0 eng | ||
| 010 | _a 92015749 | ||
| 020 |
_a0691087865 (acidfree paper) : _c$14.95 |
||
| 040 |
_aDLC _cDLC _dDLC |
||
| 043 |
_an-us--- _an-cn--- |
||
| 050 | 0 | 0 |
_aE184.A1 _bT39 1992 |
| 082 | 0 | 0 |
_a305.8/00973 _220 |
| 100 | 1 |
_aTaylor, Charles, _d1931- _912861 |
|
| 245 | 1 | 0 |
_aMulticulturalism and "The politics of recognition" : _ban essay / _cby Charles Taylor ; with commentary by Amy Gutmann, editor ... [et al.]. |
| 260 |
_aPrinceton, N.J. : _bPrinceton University Press, _cc1992. |
||
| 300 |
_axi, 112 p. ; _c25 cm. |
||
| 504 | _aIncludes bibliographical references and index. | ||
| 650 | 0 |
_aMulticulturalism _zUnited States. _912862 |
|
| 650 | 0 |
_aMulticulturalism _zCanada. _912863 |
|
| 650 | 0 |
_aMinorities _zUnited States. _912864 |
|
| 650 | 0 |
_aMinorities _zCanada. _912865 |
|
| 651 | 0 |
_aUnited States _xPolitics and government. _95134 |
|
| 651 | 0 |
_aCanada _xPolitics and government. _912866 |
|
| 700 | 1 |
_aGutmann, Amy. _912867 |
|
| 856 | 4 | 2 |
_3Publisher description _uhttp://www.loc.gov/catdir/description/prin031/92015749.html |
| 906 |
_a7 _bcbc _corignew _d1 _eocip _f19 _gy-gencatlg |
||
| 942 |
_2lcc _cMONOGRAPH |
||
| 999 |
_c121317 _d121317 |
||